"Camminiamo anche noi in novità di vita" (Record n. 98493)

Dettagli MARC
000 -LEADER
fixed length control field 00847nam a22001817a 4500
003 - CONTROL NUMBER IDENTIFIER
control field IT-RoPau
005 - DATE AND TIME OF LATEST TRANSACTION
control field 20220918181105.0
008 - FIXED-LENGTH DATA ELEMENTS--GENERAL INFORMATION
fixed length control field 130507b xxu||||| |||| 00| 0 eng d
040 ## - CATALOGING SOURCE
Transcribing agency IT-RoPau
100 ## - MAIN ENTRY--PERSONAL NAME
Personal name Centro di spiritualità paolina
9 (RLIN) 518
245 ## - TITLE STATEMENT
Title "Camminiamo anche noi in novità di vita"
Remainder of title (Rom. VI,4).
250 ## - EDITION STATEMENT
Edition statement 1° ed
260 ## - PUBLICATION, DISTRIBUTION, ETC. (IMPRINT)
Place of publication, distribution, etc. Ariccia (Roma)
Name of publisher, distributor, etc. Centro di spiritualità paolina - Casa Divino Maestro
Date of publication, distribution, etc. 1977
300 ## - PHYSICAL DESCRIPTION
Extent 24 pp.
Dimensions 22 cm
490 ## - SERIES STATEMENT
Series statement "Camminiamo anche noi in novità di vita"
Volume/sequential designation n° 26 - Marzo 1977
520 ## - SUMMARY, ETC.
Summary, etc. Sommario<br/><br/>- Ci interroghiamo sull' apostolato.<br/>- San Paolo e la coscienza della missione.<br/>- "Io sono la Via".<br/>- Linea portante del carisma delle Suore Apostoline.<br/>- Breve intervista a Fr. Vincenzo Tommasini.<br/>- Dialogo nella Famiglia Paolina.<br/>- Ci prepariamo alla Pasqua.
942 ## - ADDED ENTRY ELEMENTS (KOHA)
Source of classification or shelving scheme Dewey Decimal Classification
Koha item type RIVISTA
Dati di copia
Withdrawn status Lost status Source of classification or shelving scheme Damaged status Not for loan Home library Current library Date acquired Total Checkouts Full call number Barcode Date last seen Price effective from Koha item type
    Dewey Decimal Classification Buone Condizioni Not For Loan PAULUS-BIBLIOTECA PAULUS-BIBLIOTECA 07/05/2013   P C6 Sp FP 23 07/05/2013 07/05/2013 RIVISTA
CREDITS: SOCIETA' SAN PAOLO Via A.Severo, 58 - ROMA (RM) & PERIODICI SAN PAOLO SRL Via Giotto, 36 MILANO & CISF Via Giotto, 36 MILANO & EDIZIONI SAN PAOLO SRL,  Piazza Soncino, 5 CINISELLO BALSAMO (MI) -- ITALY